000 01688nam0a2200325 4500
001 RU\NLR\bibl\85295
005 20260407054824.0
021 _aRU
_b2000-6111
_9306
035 _a(NLR Aleph) 000083307
090 _a464726
_c464726
100 _a20000511d1999 |||y0rusy50 ca
101 0 _arus
102 _aRU
105 _aa |||||||||
200 1 _aОпыт решения "Проблемы 2000" в регионах Российской Федерации
_eДокл. Межрегион. науч.-практ. совещ. ассоц. "Сиб. соглашение", 13 апр. 1999 г., Томск
210 _aТомск
_cТом. гос. ун-т систем упр. и радиоэлектроники
_d1999
215 _a78 с.
_cил.
_d28
300 _aВ надзаг.: Гос. ком. Рос. Федерации по связи и информатизации, Межрегион. ассоц. "Сиб. соглашение", Администрация Том. обл. и др.
320 _aБиблиогр.: с. 75 (18 назв.)
606 0 _a"Проблема 2000"
_jСъезды, совещания и т.п.
_92096169
_3RU\NLR\auth\661268256
607 _aТомская область
_jСъезды, совещания и т.п.
_xНародное хозяйство
_91972652
_3RU\NLR\auth\66904061
686 _aУ9(2)в612.я431
686 _aУ03(2Р-4Том)74я431
711 1 2 _aМежрегиональное совещ. по "Проблеме 2000"
_f1999
_eТомск
_3RU\NLR\AUTH\8810025226
_9548714
801 0 _aRU
_bNLR
_c20000511
_gPSBO
801 1 _aRU
_bNLR
_c20000511
852 _aNLR
_j2000-8/367
942 _cBOOK
980 _aNB